000 00291nam a22001337a 4500
020 _a978-1-8619-7278-1
082 _a158
_bGRE/L
100 _aGREENE,ROBERT
245 _aPOWER
260 _aLONDON
_bPROFILE BOOKS
300 _a452
650 _aPERSONALITY DEVELOPMENT
_zLONDON
942 _cBK
999 _c5155
_d5155